000 01006nam a2200289 4500
003 EG-GICUC
005 20260121101213.0
008 251112s2003 ua ||||fr|||| 00| 0 ara d
040 _a EG-GICUC
_bara
_c EG-GICUC
_d EG-GICUC
_erda
041 0 _aara
082 0 4 _221
_a341.71
_bم د . م
092 0 4 _221
099 _aLaw1 11 341.71 م د . م 2003
100 0 _aمدحت أيوب
_eمؤلف.
245 1 2 _aمؤتمر التفاعل و إجراءات بناء الثقة في آسيا /
_hالعدد50,
_cمدحت أيوب .
264 1 _aمصر:
_bمركز الدراسات الآسيوية,
_c2003.
300 _a؛30صفحة
_c24 سم
336 _2rda content
_atext
337 _2rda media
_aComputer
338 _2rda carrier
_aOnline Resource
546 _aالنص باللغة العربية
650 1 _aقانون دولي عام
650 1 _aالتعاون الدولي
856 4 0 _uhttps://fll.law.cu.edu.eg/fulltext/bks/B11-04446.pdf
905 _a59
942 _2ddc
_n0
_cBK
_e21
999 _c42778
_d42778